[Event "Chess.com Classic Play In"]
[Site "Chess.com INT"]
[Date "2024.05.08"]
[Round "3"]
[White "Grandelius, Nils"]
[Black "Kravtsiv, Martyn"]
[Result "0-1"]
[WhiteElo "2664"]
[BlackElo "2598"]
[PlyCount "86"]
[EventDate "2024.05.08"]
[EventType "swiss (rapid)"]
[EventRounds "9"]
[EventCountry "USA"]
[SourceTitle "CB20_2024"]
[SourceDate "2024.05.16"]
[SourceVersion "1"]
[SourceVersionDate "2024.05.16"]
[SourceQuality "1"]

1. e4 e5 2. Nf3 Nc6 3. g3 Nf6 4. d3 d5 5. exd5 Nxd5 6. Bg2 g6 7. Nc3 Nxc3 8. bxc3 Bg7 9. 0-0 0-0 10. Rb1 Re8 11. Ng5 h6 12. Ne4 b6 13. f4 Be6 14. fxe5 Nxe5 15. d4 Nc4 16. Qf3 c6 17. Bxh6 Bxh6 18. Nf6+ Kf8 19. Nxe8 Qxe8 20. Qf6 Kg8 21. Rbe1 Ne3 22. Rf2 Ng4 23. Rxe6 Qxe6 24. Qxe6 fxe6 25. Re2 Be3+ 26. Kf1 Rf8+ 27. Ke1 Bf2+ 28. Kd2 Nxh2 29. Rxe6 Kg7 30. Bxc6 Bxg3 31. Be4 Rf6 32. Re7+ Rf7 33. Re6 g5 34. Rg6+ Kf8 35. Bd5 Rg7 36. Rc6 g4 37. c4 Ke7 38. Kd3 Bf4 39. Re6+ Kd8 40. c5 g3 41. Bg2 bxc5 42. dxc5 Ng4 43. Re4 Nf2+ 0-1

[Event "Chess.com Classic Play In"]
[Site "Chess.com INT"]
[Date "2024.05.08"]
[Round "4"]
[White "Kravtsiv, Martyn"]
[Black "Corrales Jimenez, Fidel"]
[Result "1/2-1/2"]
[WhiteElo "2598"]
[BlackElo "2549"]
[PlyCount "89"]
[EventDate "2024.05.08"]
[EventType "swiss (rapid)"]
[EventRounds "9"]
[EventCountry "USA"]
[SourceTitle "CB20_2024"]
[SourceDate "2024.05.16"]
[SourceVersion "1"]
[SourceVersionDate "2024.05.16"]
[SourceQuality "1"]

1. e4 c5 2. Nf3 d6 3. Bb5+ Bd7 4. Bxd7+ Qxd7 5. c4 Nf6 6. Nc3 e5 7. 0-0 h6 8. a3 Nc6 9. Rb1 Be7 10. b4 b6 11. d3 0-0 12. Ne1 Nh7 13. Nc2 Bg5 14. b5 Nd8 15. Nd5 Bxc1 16. Rxc1 Ne6 17. Qg4 Qd8 18. g3 Nf6 19. Nxf6+ Qxf6 20. a4 a6 21. Ra1 g6 22. Rfb1 h5 23. Qd1 axb5 24. axb5 Ng5 25. Kg2 h4 26. Ne1 Qe6 27. Nf3 Qh3+ 28. Kg1 hxg3 29. fxg3 Ne6 30. Ra6 f5 31. exf5 Qxf5 32. Nh4 Qg5 33. Qc1 Nf4 34. Kh1 Rae8 35. Qe3 Qh5 36. Qe4 Nh3 37. Qxg6+ Qxg6 38. Nxg6 Rf2 39. Rxb6 Re6 40. Ra6 Rd2 41. b6 Nf2+ 42. Kg1 Nh3+ 43. Kh1 Nf2+ 44. Kg1 Nh3+ 45. Kh1 1/2-1/2

[Event "Chess.com Classic Play In"]
[Site "Chess.com INT"]
[Date "2024.05.08"]
[Round "8"]
[White "Kravtsiv, Martyn"]
[Black "Predke, Alexandr"]
[Result "1-0"]
[WhiteElo "2598"]
[BlackElo "2667"]
[PlyCount "66"]
[EventDate "2024.05.08"]
[EventType "swiss (rapid)"]
[EventRounds "9"]
[EventCountry "USA"]
[SourceTitle "CB20_2024"]
[SourceDate "2024.05.16"]
[SourceVersion "1"]
[SourceVersionDate "2024.05.16"]
[SourceQuality "1"]

1. e4 c5 2. Nf3 Nc6 3. d4 cxd4 4. Nxd4 e5 5. Nb5 d6 6. N1c3 a6 7. Na3 Rb8 8. Bd3 b5 9. Nd5 Nce7 10. c4 Nxd5 11. exd5 b4 12. Nc2 Nf6 13. 0-0 Be7 14. f4 0-0 15. Kh1 Nd7 16. a3 a5 17. axb4 axb4 18. Bd2 exf4 19. Nxb4 Ne5 20. Bc3 Bg5 21. Nc6 Nxc6 22. dxc6 Be6 23. b4 d5 24. cxd5 Qxd5 25. Ra5 Qd8 26. c7 Qxc7 27. Bxg7 Kxg7 28. Rxg5+ Kf6 29. Qh5 Ke7 30. Qh4 f6 31. Rg7+ Rf7 32. Rxf7+ Bxf7 33. Re1+ Kf8 1-0

[Event "Chess.com Classic Play In"]
[Site "Chess.com INT"]
[Date "2024.05.08"]
[Round "7"]
[White "Mekhitarian, Krikor Sevag"]
[Black "Kravtsiv, Martyn"]
[Result "1-0"]
[WhiteElo "2556"]
[BlackElo "2598"]
[PlyCount "149"]
[EventDate "2024.05.08"]
[EventType "swiss (rapid)"]
[EventRounds "9"]
[EventCountry "USA"]
[SourceTitle "CB20_2024"]
[SourceDate "2024.05.16"]
[SourceVersion "1"]
[SourceVersionDate "2024.05.16"]
[SourceQuality "1"]

1. Nf3 d5 2. c4 e6 3. d4 Nf6 4. Nc3 Nbd7 5. cxd5 exd5 6. Bf4 Nb6 7. e3 Bd6 8. Bxd6 Qxd6 9. Bd3 0-0 10. Qc2 c6 11. 0-0 g6 12. Rae1 Be6 13. Ne5 Nh5 14. f4 Ng7 15. Qf2 f6 16. Nf3 Rae8 17. Nh4 Bc8 18. h3 a6 19. b3 Qd8 20. g4 Qc7 21. f5 g5 22. Nf3 h5 23. Qh2 Qxh2+ 24. Kxh2 h4 25. e4 dxe4 26. Nxe4 Rd8 27. Nc5 Rfe8 28. Kg1 Kf8 29. Bc4 Rxe1 30. Rxe1 Re8 31. Ne4 Nd7 32. Kf2 Re7 33. a4 Ne8 34. a5 Nb8 35. b4 Kg7 36. Nc5 Rxe1 37. Kxe1 Nd6 38. Bd3 Kf8 39. Nd2 Ke7 40. Kf2 Nd7 41. Nde4 Nxe4+ 42. Nxe4 Nf8 43. Ke3 Nd7 44. Bc4 Nf8 45. Bb3 Bd7 46. d5 cxd5 47. Bxd5 Bb5 48. Bxb7 Nd7 49. Nc5 Nb8 50. Nd3 Kd6 51. Kd4 Nc6+ 52. Bxc6 Bxc6 53. Nf2 Bg2 54. Ne4+ Kc6 55. Nxf6 Bxh3 56. Ke3 Bf1 57. Kf2 Bc4 58. Nh7 Kd6 59. Nxg5 Ke5 60. Nf3+ Kf4 61. Nxh4 Kxg4 62. Ng2 Bf7 63. f6 Kg5 64. Ke3 Kxf6 65. Kd4 Ke7 66. Kc5 Kd7 67. Kb6 Bc4 68. Ne3 Be2 69. Nd5 Kd6 70. Nc7 Ke5 71. Nxa6 Kd4 72. Nc7 Kc3 73. b5 Kb4 74. a6 Bf3 75. a7 1-0

[Event "Lvov Ukrainian Chess Warriors"]
[Site "Lvov"]
[Date "2024.03.15"]
[Round "3"]
[White "Hnatyshyn, Anastasiya"]
[Black "Kravtsiv, Martyn"]
[Result "0-1"]
[WhiteElo "2178"]
[BlackElo "2598"]
[PlyCount "70"]
[EventDate "2024.03.15"]
[EventType "swiss (rapid)"]
[EventRounds "8"]
[EventCountry "UKR"]
[SourceTitle "CB12_2024"]
[SourceDate "2023.10.01"]
[SourceVersion "1"]
[SourceVersionDate "2023.10.01"]
[SourceQuality "1"]

1. e4 e5 2. Nf3 Nc6 3. Bc4 Nf6 4. d3 Bc5 5. 0-0 0-0 6. c3 d5 7. exd5 Nxd5 8. d4 exd4 9. cxd4 Bb6 10. Nc3 Be6 11. Ng5 Nxd4 12. Nxe6 fxe6 13. Bxd5 exd5 14. Be3 c5 15. Qg4 Nf5 16. Bg5 Qd6 17. Rad1 d4 18. Ne4 Qg6 19. Qh3 Rae8 20. f3 h6 21. Bc1 c4 22. Kh1 Rd8 23. Rfe1 Ba5 24. Rf1 b5 25. Bf4 Bb6 26. Rfe1 a6 27. a3 d3 28. Rf1 Bd4 29. Rb1 Ne7 30. Bd6 Rxd6 31. Nxd6 Qxd6 32. Qg4 Bf6 33. Qe4 Qd5 34. Qg4 Rd8 35. Rfd1 Nf5 0-1

[Event "Chessable Play In Match D3"]
[Site "Chess.com INT"]
[Date "2024.02.01"]
[Round "1.2"]
[White "Demchenko, Anton"]
[Black "Kravtsiv, Martyn"]
[Result "0-1"]
[WhiteElo "2609"]
[BlackElo "2598"]
[PlyCount "102"]
[EventDate "2024.02.01"]
[EventType "k.o. (rapid)"]
[EventRounds "1"]
[EventCountry "USA"]
[SourceTitle "CB06_2024"]
[SourceDate "2024.02.07"]
[SourceVersion "1"]
[SourceVersionDate "2024.02.07"]
[SourceQuality "1"]

1. e4 e5 2. Nf3 Nc6 3. Bc4 Nf6 4. d3 Bc5 5. Bg5 h6 6. Bh4 d6 7. c3 Qe7 8. Nbd2 a6 9. a4 Ba7 10. 0-0 g5 11. Bg3 Nd7 12. Kh1 Nf8 13. Ng1 h5 14. f3 Ng6 15. b4 Nf4 16. Bf2 Bxf2 17. Rxf2 Be6 18. Ne2 Qf6 19. Rb1 Ne7 20. Nxf4 gxf4 21. b5 axb5 22. Rxb5 b6 23. Bxe6 Qxe6 24. d4 0-0 25. Rb4 Ra7 26. Nb1 Rfa8 27. Na3 c5 28. Rxb6 Rxa4 29. Nc2 cxd4 30. cxd4 exd4 31. Rf1 Qe5 32. Qd3 Rc8 33. Rb7 Rc3 34. Qd1 Rac4 35. Nb4 Ng6 36. Nd5 Rc2 37. Rg1 Qg5 38. Qa1 Kg7 39. Qa7 Ne5 40. Qa1 Kh7 41. Ne7 d3 42. Nf5 d2 43. Rbb1 Nd3 44. Rbf1 Rc1 45. Qa7 Qg6 46. Ne7 Qe6 47. Nd5 Rc5 48. Qa8 d1Q 49. h3 Qxf1 50. Rxf1 Rxf1+ 51. Kh2 Rcc1 0-1

[Event "Chessable Play In Match D3"]
[Site "Chess.com INT"]
[Date "2024.02.01"]
[Round "1.4"]
[White "Demchenko, Anton"]
[Black "Kravtsiv, Martyn"]
[Result "1-0"]
[WhiteElo "2609"]
[BlackElo "2598"]
[PlyCount "103"]
[EventDate "2024.02.01"]
[EventType "k.o. (rapid)"]
[EventRounds "1"]
[EventCountry "USA"]
[SourceTitle "CB06_2024"]
[SourceDate "2024.02.07"]
[SourceVersion "1"]
[SourceVersionDate "2024.02.07"]
[SourceQuality "1"]

1. e4 e5 2. Nf3 Nc6 3. Bc4 Nf6 4. d3 Bc5 5. Bg5 h6 6. Bh4 d6 7. c3 Qe7 8. Nbd2 a6 9. 0-0 Ba7 10. b4 g5 11. Bg3 Nd7 12. b5 Na5 13. bxa6 bxa6 14. Bd5 c6 15. Bb3 Nxb3 16. axb3 0-0 17. d4 exd4 18. Nxd4 Bxd4 19. cxd4 Nf6 20. Re1 Be6 21. f4 Bg4 22. Qc2 Nh5 23. fxg5 Nxg3 24. hxg3 Qxg5 25. Qc3 d5 26. exd5 cxd5 27. Re5 Qg7 28. Rxd5 Rad8 29. Re5 Rfe8 30. Rxa6 Rxe5 31. dxe5 Bf5 32. Qe3 Rd3 33. Ra8+ Kh7 34. Qf4 Qg5 35. Nf3 Qxf4 36. gxf4 Be4 37. Ra7 Bxf3 38. gxf3 Kg6 39. Ra6+ Kg7 40. Kg2 Rxb3 41. Kg3 Re3 42. Ra4 Kg6 43. Ra6+ Kg7 44. Kf2 Rb3 45. f5 Rb5 46. f4 Rb7 47. Kg3 Rc7 48. Kg4 Rb7 49. Ra8 Rb1 50. f6+ Kh7 51. Kf5 Rb7 52. Ra1 1-0

[Event "Chessable Play In Match D3"]
[Site "Chess.com INT"]
[Date "2024.02.01"]
[Round "1.3"]
[White "Kravtsiv, Martyn"]
[Black "Demchenko, Anton"]
[Result "1/2-1/2"]
[WhiteElo "2598"]
[BlackElo "2609"]
[PlyCount "115"]
[EventDate "2024.02.01"]
[EventType "k.o. (rapid)"]
[EventRounds "1"]
[EventCountry "USA"]
[SourceTitle "CB06_2024"]
[SourceDate "2024.02.07"]
[SourceVersion "1"]
[SourceVersionDate "2024.02.07"]
[SourceQuality "1"]

1. e4 e5 2. Nf3 Nc6 3. Bb5 a6 4. Ba4 Nf6 5. 0-0 d6 6. c4 Bg4 7. Nc3 Nd7 8. d3 Nc5 9. h3 Nxa4 10. hxg4 Nxc3 11. bxc3 Qd7 12. g5 h6 13. gxh6 g6 14. Rb1 b6 15. Bg5 Bxh6 16. Bf6 0-0 17. g3 Bg7 18. Bg5 Qh3 19. Bd2 Bf6 20. Nh2 Kg7 21. Qg4 Rh8 22. Qxh3 Rxh3 23. Kg2 Rh5 24. Rh1 Rah8 25. Ng4 Rxh1 26. Rxh1 Rxh1 27. Kxh1 Bd8 28. f4 f5 29. exf5 gxf5 30. Ne3 Kf6 31. Kg2 Ke6 32. Kf3 Ne7 33. fxe5 dxe5 34. g4 fxg4+ 35. Nxg4 Nf5 36. Nf2 Nd6 37. Ne4 Nb7 38. Be3 Be7 39. Kg4 b5 40. cxb5 axb5 41. Kf3 c6 42. c4 Na5 43. cxb5 cxb5 44. Nd2 Kd5 45. Ne4 b4 46. Nd2 Nc6 47. Nb3 Bd6 48. Ke2 e4 49. dxe4+ Kxe4 50. Bf2 Be5 51. Bc5 Bc3 52. Bb6 Kd5 53. Bf2 Kc4 54. Be3 Be5 55. Bd2 Bc3 56. Be3 Be5 57. Bd2 Bc3 58. Be3 1/2-1/2

[Event "Titled Tuesday intern op 09th Jan Early"]
[Site "Chess.com INT"]
[Date "2024.01.09"]
[Round "3"]
[White "Senft, Sean"]
[Black "Kravtsiv, Martyn"]
[Result "0-1"]
[WhiteElo "2107"]
[BlackElo "2598"]
[PlyCount "128"]
[EventDate "2024.01.09"]
[EventType "swiss (blitz)"]
[EventRounds "11"]
[EventCountry "USA"]
[SourceTitle "CB03_2024"]
[SourceDate "2024.01.17"]
[SourceVersion "1"]
[SourceVersionDate "2024.01.17"]
[SourceQuality "1"]

1. d4 d5 2. c4 e6 3. Nc3 Nf6 4. cxd5 exd5 5. Bg5 c6 6. e3 Be7 7. Bd3 Nbd7 8. Qc2 Nh5 9. Bxe7 Qxe7 10. Nge2 g6 11. 0-0-0 Nb6 12. Kb1 Be6 13. h3 Ng7 14. g4 0-0-0 15. Na4 Nxa4 16. Qxa4 Kb8 17. Rc1 h5 18. gxh5 Rxh5 19. Nf4 Bf5 20. Rc3 Rh4 21. Ra3 b5 22. Qa6 Rd6 23. Rc1 Qb7 24. Qa5 g5 25. Qb4 Rd8 26. Bxf5 gxf4 27. Bg4 f5 28. Be2 Ne6 29. Rac3 fxe3 30. fxe3 c5 31. Qxb5 Qxb5 32. Bxb5 Rxh3 33. dxc5 Kc7 34. Ra3 f4 35. Rxa7+ Kb8 36. Re7 Rxe3 37. Bd7 Nd4 38. c6 Kc7 39. Rxe3 fxe3 40. Re1 e2 41. Bg4 Rf8 42. Kc1 Rf4 43. Bh5 Re4 44. Kd2 Kxc6 45. Bxe2 Kd6 46. Bd1 Rh4 47. a3 Rh2+ 48. Kc1 Kc5 49. Rg1 Kc4 50. Rg8 Kd3 51. Rg3+ Ke4 52. Rc3 Nf5 53. Bc2+ Ke5 54. Bxf5 Kxf5 55. a4 Ke4 56. Rc2 Rh1+ 57. Kd2 d4 58. Rc8 Rh2+ 59. Ke1 Ke3 60. Re8+ Kd3 61. a5 Rxb2 62. a6 Ra2 63. Ra8 Ke3 64. a7 Ra1# 0-1

[Event "Titled Tuesday intern op 19th Dec Early"]
[Site "Chess.com INT"]
[Date "2023.12.19"]
[Round "2"]
[White "Deng, Henry"]
[Black "Kravtsiv, Martyn"]
[Result "0-1"]
[WhiteElo "2281"]
[BlackElo "2598"]
[PlyCount "52"]
[EventDate "2023.12.19"]
[EventType "swiss (blitz)"]
[EventRounds "11"]
[EventCountry "USA"]
[SourceTitle "CB52_2023"]
[SourceDate "2023.12.27"]
[SourceVersion "1"]
[SourceVersionDate "2023.12.27"]
[SourceQuality "1"]

1. e4 e5 2. Nf3 Nc6 3. d4 exd4 4. Bc4 Nf6 5. e5 d5 6. Bb5 Ne4 7. Nxd4 Bd7 8. Bxc6 bxc6 9. 0-0 Bc5 10. f3 Ng5 11. f4 Ne4 12. Be3 Bb6 13. Nd2 Nxd2 14. Qxd2 c5 15. Nf3 d4 16. Bf2 Bc6 17. Rae1 Bxf3 18. gxf3 Qd5 19. Bh4 Kd7 20. f5 Rae8 21. a4 c4 22. Qf4 d3+ 23. Kg2 dxc2 24. Re4 g5 25. fxg6 hxg6 26. Rc1 Rxh4 0-1

[Event "Titled Tuesday intern op 19th Dec Early"]
[Site "Chess.com INT"]
[Date "2023.12.19"]
[Round "1"]
[White "Kravtsiv, Martyn"]
[Black "Tworuszka, Michal"]
[Result "1-0"]
[WhiteElo "2598"]
[BlackElo "2260"]
[PlyCount "113"]
[EventDate "2023.12.19"]
[EventType "swiss (blitz)"]
[EventRounds "11"]
[EventCountry "USA"]
[SourceTitle "CB52_2023"]
[SourceDate "2023.12.27"]
[SourceVersion "1"]
[SourceVersionDate "2023.12.27"]
[SourceQuality "1"]

1. e4 c5 2. Nf3 d6 3. Bb5+ Nd7 4. d4 cxd4 5. Qxd4 a6 6. Bxd7+ Bxd7 7. 0-0 e5 8. Qd3 Nf6 9. Bg5 Be7 10. Bxf6 gxf6 11. Nc3 Be6 12. Nh4 Rc8 13. Nd5 Bxd5 14. exd5 Qb6 15. Nf5 Rg8 16. b3 Qc5 17. c4 Rg6 18. Rfe1 Bf8 19. h3 Kd7 20. Re4 Be7 21. Rh4 Rcg8 22. g3 Rh8 23. Kg2 Bd8 24. Re1 Bb6 25. Re2 Qc8 26. b4 Qc7 27. Rc2 Ba7 28. c5 dxc5 29. bxc5 Bxc5 30. Qc4 b6 31. Qxa6 Rg5 32. Qa4+ Kd8 33. Qa8+ Qc8 34. Qxc8+ Kxc8 35. Nd6+ Kd7 36. Nxf7 Rgg8 37. Nxh8 Rxh8 38. Rh6 Kd6 39. Rxf6+ Kxd5 40. Rd2+ Kc4 41. h4 e4 42. Re6 Kc3 43. Re2 e3 44. fxe3 Ra8 45. h5 Kd3 46. Rf2 Ra7 47. h6 Rc7 48. Kh3 Rd7 49. g4 Rc7 50. g5 Rd7 51. Kg4 Kc3 52. g6 hxg6 53. Rxg6 Bxe3 54. Rf3 Kd2 55. Rh3 Rh7 56. Rd6+ Ke2 57. Re6 1-0

[Event "Titled Tuesday intern op 24th Oct Late"]
[Site "Chess.com INT"]
[Date "2023.10.24"]
[Round "10"]
[White "Zhigalko, Sergei"]
[Black "Kravtsiv, Martyn"]
[Result "1-0"]
[WhiteElo "2572"]
[BlackElo "2598"]
[PlyCount "89"]
[EventDate "2023.10.24"]
[EventType "swiss (blitz)"]
[EventRounds "11"]
[EventCountry "USA"]
[SourceTitle "Mega2024 Update 01"]
[Source "Chessbase"]
[SourceDate "2023.11.12"]
[SourceVersion "1"]
[SourceVersionDate "2023.11.12"]
[SourceQuality "1"]

1. e4 e5 2. Nf3 Nc6 3. Bb5 a6 4. Ba4 Nf6 5. 0-0 Be7 6. Re1 b5 7. Bb3 0-0 8. a4 b4 9. d3 d6 10. Nbd2 Na5 11. Ba2 Rb8 12. Nc4 c5 13. Nxa5 Qxa5 14. Bg5 h6 15. Bxf6 Bxf6 16. Bd5 Qc7 17. Nd2 g6 18. Nc4 Kh7 19. a5 Bg7 20. Nb6 f5 21. c3 bxc3 22. bxc3 f4 23. f3 g5 24. Rb1 h5 25. Re2 g4 26. Reb2 g3 27. h3 Kh6 28. Na8 Rxa8 29. Bxa8 Qxa5 30. c4 Qc3 31. Bd5 Bf6 32. Rb8 Qd4+ 33. Kh1 Bxh3 34. Qg1 Rxb8 35. Rxb8 Qxd3 36. Rf8 Bg7 37. Rd8 Qe2 38. Rxd6+ Kg5 39. Be6 Bxg2+ 40. Qxg2 Qe1+ 41. Qg1 Qe2 42. Qg2 Qe1+ 43. Qg1 Qe2 44. Bh3 Qf2 45. Qxf2 1-0

[Event "AI Cup Div 3 L"]
[Site "Chess.com INT"]
[Date "2023.09.26"]
[Round "3.1"]
[White "Demchenko, Anton"]
[Black "Kravtsiv, Martyn"]
[Result "1-0"]
[WhiteElo "2608"]
[BlackElo "2598"]
[PlyCount "85"]
[EventDate "2023.09.25"]
[EventType "k.o. (rapid)"]
[EventRounds "8"]
[EventCountry "USA"]
[SourceTitle "EXT 2024"]
[Source "ChessBase"]
[SourceDate "2023.10.10"]
[SourceVersion "1"]
[SourceVersionDate "2023.10.10"]
[SourceQuality "1"]

1. e4 e5 2. Nf3 Nc6 3. Bc4 Nf6 4. d3 d5 5. exd5 Nxd5 6. 0-0 Be7 7. h3 Nb6 8. Bb3 a5 9. a4 Qd6 10. Re1 Be6 11. Bxe6 Qxe6 12. Nc3 0-0-0 13. Be3 Nd5 14. Qe2 Rhe8 15. Nb5 f5 16. Bd2 Bf6 17. c4 Ndb4 18. d4 e4 19. d5 Nxd5 20. Ng5 Bxg5 21. cxd5 Rxd5 22. Bxg5 Ne5 23. Bf4 c6 24. Nc3 Rd4 25. Qe3 Red8 26. Ne2 Rb4 27. Qa7 Nd3 28. Qxa5 Kd7 29. Qc7+ Ke8 30. Qxg7 Rxb2 31. Qh8+ Kd7 32. Qxh7+ Ke8 33. Qh8+ Kd7 34. Qg7+ Ke8 35. Bg5 Rd7 36. Qh8+ Kf7 37. Nf4 Nxf4 38. Qxb2 Nd3 39. Qh8 Qg6 40. h4 f4 41. Qc8 Ke6 42. Rxe4+ Qxe4 43. Qe8+ 1-0

[Event "Titled Tuesday intern op 19th Sep Early"]
[Site "Chess.com INT"]
[Date "2023.09.19"]
[Round "7"]
[White "Kravtsiv, Martyn"]
[Black "Hua, Lefong"]
[Result "1-0"]
[WhiteElo "2598"]
[BlackElo "2305"]
[PlyCount "85"]
[EventDate "2023.09.19"]
[EventType "swiss (blitz)"]
[EventRounds "11"]
[EventCountry "USA"]
[SourceTitle "EXT 2024"]
[Source "ChessBase"]
[SourceDate "2023.10.10"]
[SourceVersion "1"]
[SourceVersionDate "2023.10.10"]
[SourceQuality "1"]

1. e4 c5 2. Nf3 g6 3. d4 cxd4 4. Nxd4 Bg7 5. c4 Nc6 6. Be3 Nf6 7. Nc3 d6 8. Be2 0-0 9. 0-0 Bd7 10. Qd2 Nxd4 11. Bxd4 a5 12. b3 Bc6 13. f3 Nd7 14. Be3 Nc5 15. Rab1 Qb6 16. Rfc1 Rfc8 17. Kh1 h5 18. h3 Qd8 19. Rd1 Qf8 20. Rbc1 Kh7 21. Nd5 Bxd5 22. exd5 Bh6 23. f4 Ne4 24. Qe1 Bg7 25. Bf3 Nc5 26. Rb1 Bf6 27. Qe2 h4 28. Rf1 Qg7 29. a3 Rc7 30. Qc2 a4 31. b4 Nb3 32. f5 Rac8 33. Be2 b5 34. fxg6+ fxg6 35. c5 dxc5 36. bxc5 Nxc5 37. Bxb5 Nb3 38. Qe4 Nc5 39. Qg4 Qg8 40. Bc6 Rxc6 41. dxc6 Rxc6 42. Rbc1 Qd5 43. Qc4 1-0

[Event "Titled Tuesday intern op 19th Sep Early"]
[Site "Chess.com INT"]
[Date "2023.09.19"]
[Round "4"]
[White "Kravtsiv, Martyn"]
[Black "Vidit, Santosh Gujrathi"]
[Result "1/2-1/2"]
[WhiteElo "2598"]
[BlackElo "2716"]
[PlyCount "88"]
[EventDate "2023.09.19"]
[EventType "swiss (blitz)"]
[EventRounds "11"]
[EventCountry "USA"]
[SourceTitle "EXT 2024"]
[Source "ChessBase"]
[SourceDate "2023.10.10"]
[SourceVersion "1"]
[SourceVersionDate "2023.10.10"]
[SourceQuality "1"]

1. e4 e5 2. Nf3 Nc6 3. Nc3 Nf6 4. a4 Bb4 5. Bd3 0-0 6. 0-0 a5 7. Nd5 Bc5 8. c3 d6 9. Bc2 Nxd5 10. exd5 Ne7 11. Ng5 h6 12. d4 exd4 13. cxd4 Bb6 14. Nh7 Re8 15. Qh5 Bxd4 16. Ra3 g6 17. Qxh6 Bg7 18. Qh4 Nf5 19. Qxd8 Rxd8 20. Bg5 Bd7 21. Nf6+ Kf8 22. Nh7+ Kg8 23. Nf6+ Kf8 24. Re1 Nd4 25. Bb1 c5 26. dxc6 Bxc6 27. Nh7+ Kg8 28. Bxd8 Rxd8 29. Ng5 d5 30. h4 Bf8 31. Rd3 Nf5 32. Rf3 d4 33. Bxf5 Bxf3 34. Bxg6 fxg6 35. Nxf3 d3 36. Rd1 Bb4 37. Kf1 d2 38. Ke2 Re8+ 39. Kf1 Rd8 40. g3 Kg7 41. Ng5 Re8 42. Nf3 Rd8 43. Ng5 Re8 44. Nf3 Rd8 1/2-1/2

[Event "AI Cup Play In"]
[Site "Chess.com INT"]
[Date "2023.09.18"]
[Round "3"]
[White "Kramnik, Vladimir"]
[Black "Kravtsiv, Martyn"]
[Result "1/2-1/2"]
[WhiteElo "2753"]
[BlackElo "2598"]
[PlyCount "172"]
[EventDate "2023.09.18"]
[EventType "swiss (rapid)"]
[EventRounds "9"]
[EventCountry "USA"]
[SourceTitle "EXT 2024"]
[Source "ChessBase"]
[SourceDate "2023.10.10"]
[SourceVersion "1"]
[SourceVersionDate "2023.10.10"]
[SourceQuality "1"]

1. c4 e6 2. Nc3 d5 3. d4 Nf6 4. Bg5 Bb4 5. e3 Nbd7 6. cxd5 exd5 7. Bd3 c5 8. Nge2 h6 9. Bh4 cxd4 10. exd4 0-0 11. 0-0 Nb6 12. Qb3 Be7 13. Rfe1 Ng4 14. Bg3 Bd6 15. h3 Bxg3 16. fxg3 Nf6 17. a4 Rb8 18. a5 Na8 19. Nf4 Nc7 20. Re5 b6 21. axb6 Rxb6 22. Qc2 Rb4 23. Ra4 Qd6 24. Rxb4 Qxb4 25. Qf2 Be6 26. g4 Rb8 27. Re2 Qd6 28. Na4 Bd7 29. Nc5 Bc6 30. Nh5 Ne4 31. Nxe4 dxe4 32. Bxe4 Bxe4 33. Rxe4 Ne6 34. Ng3 Rc8 35. Nf5 Qb4 36. Re1 Rd8 37. Rd1 Ng5 38. d5 Ne4 39. Qd4 Qxd4+ 40. Rxd4 Nf6 41. d6 Kf8 42. Kh2 g6 43. Ne3 Ne8 44. Nc4 Nf6 45. Ne5 Nd7 46. Nxd7+ Rxd7 47. Kg3 Kg7 48. Kf4 Kf6 49. Ke4 Ke6 50. Ra4 Rxd6 51. Rxa7 Rb6 52. Ra2 Rb4+ 53. Kd3 Ke5 54. Kc3 Rb7 55. b4 Ke4 56. Kc4 Rc7+ 57. Kb5 Rc8 58. Rf2 f5 59. gxf5 gxf5 60. Re2+ Kd4 61. Re6 Rg8 62. Re2 Rb8+ 63. Ka4 Ra8+ 64. Kb3 Rb8 65. Rd2+ Ke4 66. Rd6 h5 67. Kc4 Rg8 68. Rd2 Rc8+ 69. Kb3 Rb8 70. h4 f4 71. Re2+ Kd4 72. Rf2 Ke4 73. Rb2 Kf5 74. Kc4 Kg4 75. b5 Kxh4 76. b6 Kg3 77. Kc5 h4 78. Kc6 f3 79. gxf3 Kxf3 80. Kc7 Rxb6 81. Kxb6 h3 82. Kc5 Kg3 83. Kd4 h2 84. Rb1 Kg2 85. Ke3 h1Q 86. Rxh1 Kxh1 1/2-1/2

[Event "AI Cup Play In"]
[Site "Chess.com INT"]
[Date "2023.09.18"]
[Round "1"]
[White "Kravtsiv, Martyn"]
[Black "Iskusnyh, Sergei"]
[Result "1-0"]
[WhiteElo "2598"]
[BlackElo "2440"]
[PlyCount "111"]
[EventDate "2023.09.18"]
[EventType "swiss (rapid)"]
[EventRounds "9"]
[EventCountry "USA"]
[SourceTitle "EXT 2024"]
[Source "ChessBase"]
[SourceDate "2023.10.10"]
[SourceVersion "1"]
[SourceVersionDate "2023.10.10"]
[SourceQuality "1"]

1. e4 e6 2. d4 d5 3. e5 c5 4. c3 Nc6 5. Nf3 Nge7 6. Na3 Bd7 7. Nc2 Qa5 8. a3 Nxd4 9. Ncxd4 cxd4 10. b4 Qb6 11. cxd4 Bb5 12. Be2 Bxe2 13. Qxe2 Nf5 14. 0-0 Be7 15. Rd1 h5 16. h3 Rc8 17. Bb2 0-0 18. Rac1 h4 19. Qd2 Qb5 20. Ne1 b6 21. Qd3 Qxd3 22. Nxd3 Bg5 23. f4 Be7 24. Kf2 Rc4 25. Rxc4 dxc4 26. Ne1 a5 27. Nc2 axb4 28. axb4 Ra8 29. Ra1 Rxa1 30. Bxa1 g5 31. fxg5 Bxg5 32. b5 Be7 33. Kf3 Kg7 34. Ke4 Kg6 35. d5 Ng3+ 36. Kd4 Ne2+ 37. Kxc4 exd5+ 38. Kxd5 Nf4+ 39. Ke4 Nxg2 40. Kf3 Kf5 41. Nd4+ Kxe5 42. Nc6+ Ke6 43. Kxg2 Bc5 44. Kf3 Kd5 45. Bf6 Kc4 46. Na7 Bd6 47. Bxh4 Bb8 48. Nc6 Bd6 49. Bg3 Bf8 50. Na7 Kd5 51. h4 Ke6 52. Bf2 Be7 53. h5 Kf5 54. Be3 Bd8 55. Nc8 Bc7 56. Nxb6 1-0

[Event "AI Cup Play In Match"]
[Site "Chess.com INT"]
[Date "2023.09.18"]
[Round "1.1"]
[White "Kravtsiv, Martyn"]
[Black "Saric, Ivan"]
[Result "0-1"]
[WhiteElo "2598"]
[BlackElo "2647"]
[PlyCount "100"]
[EventDate "2023.09.18"]
[EventType "k.o. (rapid)"]
[EventRounds "1"]
[EventCountry "USA"]
[SourceTitle "EXT 2024"]
[Source "ChessBase"]
[SourceDate "2023.10.10"]
[SourceVersion "1"]
[SourceVersionDate "2023.10.10"]
[SourceQuality "1"]

1. e4 c5 2. Nf3 d6 3. Bb5+ Nd7 4. d4 cxd4 5. Qxd4 a6 6. Bxd7+ Bxd7 7. 0-0 e5 8. Qd3 Rc8 9. c4 b5 10. Na3 Qb6 11. cxb5 axb5 12. Bd2 Nf6 13. Bb4 Bc6 14. Rac1 Rd8 15. Qc3 Bxe4 16. Ba5 b4 17. Bxb6 bxc3 18. Bxd8 cxb2 19. Rc8 Kd7 20. Rb8 Be7 21. Bc7 Rxb8 22. Bxb8 Nd5 23. Nd2 Bd3 24. Re1 Nb4 25. Ba7 Nxa2 26. Nac4 b1Q 27. Rxb1 Bxb1 28. Nxb1 Ke6 29. Be3 d5 30. Nb2 d4 31. Bd2 e4 32. Kf1 f5 33. Ke2 Kd5 34. Na4 Kc6 35. Kd1 g5 36. Nb2 Kd5 37. Kc2 Nb4+ 38. Kb3 Nc6 39. Nc4 f4 40. Be1 e3 41. f3 h5 42. Nb2 Ne5 43. Kc2 g4 44. Nd3 gxf3 45. Nxf4+ Ke4 46. gxf3+ Kxf4 47. Bg3+ Kf5 48. Bxe5 Kxe5 49. Kd3 Bb4 50. h3 h4 0-1